000 00536nam a2200133Ia 4500
008 151213s9999 xx 000 0 und d
100 _aসম্পাদক: মাহমুদুর রহমান।
245 _aবই।
_cসম্পাদক: মাহমুদুর রহমান।
260 _aঢাকা।
_bজাতীয় গ্রন্থ কেন্দ্র।
_c2008
300 _a8669 p.
650 _aBangla
700 _aসম্পাদক: মাহমুদুর রহমান।
999 _c4455
_d4455